Pro Sports Teams Not Ending in "S" - Statistics

General Stats
  • This quiz has been taken 70 times
    68 since last reset
  • The average score is 9 of 11
Answer Stats
% Correct
Miami Heat
95%
Boston Red Sox
92%
Chicago White Sox
92%
Utah Jazz
90%
Oklahoma City Thunder
85%
Orlando Magic
83%
Colorado Avalanche
78%
Seattle Kraken
78%
Minnesota Wild
75%
Utah Mammoth
71%
Tampa Bay Lightning
69%
No matching quizzes found
Score Distribution
Percent of People with Each Score
Percentile by Number Answered
Your Score History
You have not taken this quiz since the last reset